| 000 | 00579nam a2200229Ia 4500 | ||
|---|---|---|---|
| 005 | 20250425161746.0 | ||
| 008 | 250425s9999 xx 000 0 und d | ||
| 020 | _a8483220032 | ||
| 041 | _aspa | ||
| 082 | _a005.73 | ||
| 100 | _aPEÑA MARI, RICARDO | ||
| 245 | 0 | _aDISEÑO DE PROGRAMAS: FORMALISMO Y ABSTRACCION | |
| 250 | _a2A ED. | ||
| 260 |
_aEspaña _bPRENTICE HALL _c1998 |
||
| 260 | _aMADRID | ||
| 300 | _a326 | ||
| 650 | _aALGORITMOS INFORMATICOS | ||
| 650 | _aESTRUCTURA DE DATOS (INFORMATICA) | ||
| 650 | _aPROGRAMACION | ||
| 942 | _c01 | ||
| 010 | _a28003 | ||
| 999 |
_c215554 _d215554 |
||